000 00481nam a2200181Ia 4500
005 20250326123645.0
008 250326s9999 xx 000 0 und d
037 _aTextbook
040 _aFMSL
_beng
_cFMSL
041 _aeng
_2eng
084 _aX9W:Z M0;1
_qFMSL
100 _aKapoor G K
245 0 _aCompany law
_cKapoor G K; Saxena S B
260 _aDelhi
_bDelhi, Kitab Mahal
_c1980
300 _a429p
942 _cTB
_hX9W:Z M0;1
999 _c1270361
_d1270361